Sports Quiz

Random Sports or Rugby Quiz

Rugby Pro 12 (or equivalent) Rugby Winning XVs Quiz Stats

 Plays Quiz not verified by Sporcle

Challenge
Share
Tweet
Embed
Score 0/195 Timer 20:00
0 Plays Today
% Correct
Brian O'Driscoll
97.3%
Brian O'Driscoll
97.3%
Brian O'Driscoll
97.3%
Brian O'Driscoll
97.3%
Mick O'Driscoll
96.7%
Mick O'Driscoll
96.7%
Stephen Jones
96.2%
Adam Jones
96.2%
Adam Jones
96.2%
Adam Jones
96.2%
Adam Jones
96.2%
Ryan Jones
95.7%
Ryan Jones
95.7%
Ian Jones
95.7%
Ryan Jones
95.7%
Duncan Jones
95.1%
Matt Jones
95.1%
Duncan Jones
95.1%
Felix Jones
95.1%
Paul Jones
95.1%
Gordon D'Arcy
93.5%
Gordon D'Arcy
93.5%
Paul O'Connell
92.4%
Paul O'Connell
92.4%
Shane Williams
91.8%
Shane Williams
91.8%
Shane Williams
91.8%
Jim Williams
90.8%
Barry Williams
90.8%
Jamie Heaslip
90.2%
Jamie Heaslip
90.2%
Ronan O'Gara
89.7%
Ronan O'Gara
89.7%
Ronan O'Gara
89.7%
Shane Williams
89.1%
Jonathan Sexton
88%
Jonathan Sexton
88%
Cian Healy
85.9%
Cian Healy
85.9%
Cian Healy
85.9%
Donncha O'Callaghan
84.2%
Donncha O'Callaghan
84.2%
Rob Kearney
83.2%
Tommy Bowe
82.1%
Tommy Bowe
82.1%
Leo Cullen
81.5%
Shane Byrne
81.5%
Leo Cullen
81.5%
Lee Byrne
81%
Lee Byrne
81%
Peter Stringer
79.3%
Peter Stringer
79.3%
Shane Horgan
76.1%
Shane Horgan
76.1%
Eoin Reddan
76.1%
Rory Best
75.5%
Neil Best
75.5%
John Hayes
75%
Dan Biggar
75%
John Hayes
75%
Dan Biggar
75%
Devin Toner
72.8%
Mike Phillips
72.8%
Devin Toner
72.8%
Devin Toner
72.8%
% Correct
Mike Phillips
72.3%
Paddy Wallace
71.7%
David Wallace
71.7%
David Wallace
71.7%
Isa Nacewa
71.7%
Paul Wallace
71.2%
Isaac Boss
71.2%
Isaac Boss
71.2%
Barry Davies
70.7%
James Hook
70.1%
James Hook
70.1%
Iestyn Thomas
69%
Jonathan Thomas
69%
Jonathan Thomas
69%
Jonathan Thomas
69%
Mike Ross
69%
Mike Ross
69%
Justin Tipuric
67.4%
Garan Evans
66.8%
David Humphreys
65.2%
Denis Hickie
64.1%
Alun Wyn-Jones
63.6%
Alun Wyn-Jones
63.6%
Alun Wyn-Jones
63.6%
Conor Murray
63%
Girvan Dempsey
62.5%
Girvan Dempsey
62.5%
Doug Howlett
61.4%
Doug Howlett
61.4%
Ian Madigan
61.4%
Marcus Horan
60.9%
Anthony Foley
60.9%
Marcus Horan
60.9%
Sean Cronin
59.8%
Gavin Henson
58.7%
Keith Earls
58.7%
Keith Earls
58.7%
Denis Leamy
58.2%
Richard Hibbard
58.2%
Fergus McFadden
58.2%
Fergus McFadden
58.2%
Richard Strauss
57.6%
Paul James
56.5%
Malcolm O'Kelly
56%
Rhys Webb
55.4%
Jimmy Gopperth
54.9%
Alan Quinlan
54.3%
Andrew Trimble
53.3%
Shane Jennings
53.3%
Shane Jennings
53.3%
Simon Easterby
51.6%
Reggie Corrigan
50.5%
Sonny Parker
47.3%
Sonny Parker
47.3%
Huw Bennett
46.7%
Huw Bennett
46.7%
Nikki Walker
45.7%
Jerry Collins
45.1%
Donnacha Ryan
45.1%
Scott Quinnell
42.4%
Stephen Ferris
40.8%
Lifeimi Mafi
40.2%
Lifeimi Mafi
40.2%
Mike McCarthy
39.7%
David Bishop
38.6%
% Correct
Marty Holah
38.6%
Andrew Bishop
38.6%
Andrew Bishop
38.6%
Zane Kirchner
38.6%
Kevin McLaughlin
37%
Kevin McLaughlin
37%
Victor Costello
34.2%
Vernon Cooper
34.2%
Ashley Beck
34.2%
Rhys Ruddock
33.7%
John Kelly
33.2%
Roger Wilson
33.2%
Brent Cockbain
32.6%
Mark Taylor
29.9%
Eric Miller
28.3%
Richard Fussell
27.2%
Keith Gleeson
26.1%
Robin McBryde
23.4%
Declan Fitzpatrick
23.4%
Hanno Dirksen
23.4%
Justin Harrison
21.7%
Flio Tiatia
21.7%
Matthew Watkins
20.1%
Jason Spice
19.6%
Bryan Young
19.6%
Jason Spice
19.6%
Damien Varley
19.6%
Brian O'Meara
19%
Gary Brown
19%
Shaun Connor
17.9%
Ian Dowling
17.4%
Andrew Conway
16.8%
Frankie Sheehan
16.3%
Chris Wyatt
15.2%
James Coughlan
15.2%
Joe Bearman
15.2%
Nathan Spooner
14.1%
Tony Buckley
14.1%
Paul Warwick
13%
Stefan Terblanche
12%
Andrew Newman
11.4%
Mossie Lawlor
10.9%
Mike Mullins
10.9%
Jeremy Staunton
10.9%
Denis Fogarty
10.3%
Richard Pugh
9.8%
Richard Pugh
9.8%
Trevor Hogan
9.8%
John Thiel
9.2%
Salesi Finau
9.2%
Stephen Keogh
9.2%
Michael Berne
9.2%
Brian Blaney
8.2%
Federico Pucciariello
8.2%
Bryn Cunningham
7.6%
Niall Ronan
7.6%
Danny Barnes
7.6%
Michael McCulloch
6.5%
Cameron Jowitt
6%
Jason Holland
5.4%
Stephen Knoop
5.4%
James Bater
4.9%
Chris Keane
4.9%
Dave Hodges
2.2%
Andy Maxwell
1.1%

You're not logged in!

Compare scores with friends on all Sporcle quizzes.
Join for Free
OR
Log In

You Might Also Like...

Show Comments

Extras

Top Quizzes Today


Score Distribution

Your Account Isn't Verified!

In order to create a playlist on Sporcle, you need to verify the email address you used during registration. Go to your Sporcle Settings to finish the process.

Report this User

Report this user for behavior that violates our Community Guidelines.

Details: